LEGAL & COMMERCIAL DICTIONARY (Record no. 28547)

MARC details
000 -LEADER
fixed length control field 00279nam a22001337a 4500
003 - CONTROL NUMBER IDENTIFIER
control field SGT
082 ## - DEWEY DECIMAL CLASSIFICATION NUMBER
Classification number 340
Item number SEN
100 ## - MAIN ENTRY--PERSONAL NAME
Personal name SEN A C
245 ## - TITLE STATEMENT
Title LEGAL & COMMERCIAL DICTIONARY
250 ## - EDITION STATEMENT
Edition statement 3
260 ## - PUBLICATION, DISTRIBUTION, ETC. (IMPRINT)
Place of publication, distribution, etc CALCUTTA
Name of publisher, distributor, etc EASTERN LAW HOUSE
Year of Publication 1979
300 ## - PAGE DESCRIPTION
No. of Pages 834
942 ## - ADDED ENTRY ELEMENTS (KOHA)
Source of classification or shelving scheme Dewey Decimal Classification
Koha item type Books
Holdings
Withdrawn status Lost status Source of classification or shelving scheme Damaged status Not for loan Home library Current library Shelving location Date acquired SGTU Total Checkouts Full call number Accession No. (Barcode) Date last seen Bill Date Koha item type
    Dewey Decimal Classification   Not For Loan SGT Science & Social Sciences Library SGT Science & Social Sciences Library Reference Book 30/12/2024 SGTU   340 SEN FL3786 30/12/2024 30/12/2024 Books